01346nam a2200277Ia 450000500170000000800390001702000150005604100080007110000250007924500630010425000440016726400330021130000320024433600270027633700330030333800280033649000230036450000480038752004450043565000490088065000290092965000320095870000320099004000350102208400110105720220316235342.0121119s2003 ck a gr 000 f spa a95830037430 aspa1 aVasco, Irene,d1952-10aPaso a pasocIrene Vasco ; ilustraciones de Natalia Tamayo aPrimera edición, Cuarta reimpresión 1aBogotábPanamericanac2003 a77 páginasbilustraciones atextobtxt2rdacontent asin mediaciónbn2rdamedia avolumenbnc2rdacarrier0 aLiteratura juvenil aSubtítulo en la carátula: Vuelve papá3 aLa vida de una familia se ve alterada el día en que el padre es secuestrado. A través del relato de la hija mayor, los lectores acompañan, paso a paso, el desgarramiento y la reconstrucción de toda una familia. Los hechos se narran desde el momento del secuestro, con las consecuencias que a todos afectan. Los miembros de la familia, aferrados a los afectos y a la solidaridad, viven año y medio de continua búsqueda y espera.142LEMBaNovela literatura colombianaySiglo XX142LEMBaSecuestrovCuentos142LEMBaLiteratura colombiana1 aTamayo, Nataliaeilustrador aCO-BoRNBPbspaerdacCO-BoRNBP aN VAS1